Historické povesti zo Zvolenskej a Šarišskej stolice

Bibliographic Details
Main Author: Mandalík, Radoslav, 1972 (Author)
Format: Book
Language:Slovak
PhysicalDescription:39 s. fotogr. 21 cm
Published: Michalovce Renoma 2008
ISBN:9788096936823
Edition:[1. vyd.]
Subjects:

MARC

LEADER 00000nam a2200000 a 4500
001 vtls009477864
003 SK-MaSNL
005 20260302010027.0
008 240318s2008 xo o g 000 jdslo
015 |a SNBA2009/08-04035 
020 |a 9788096936823  |q (brož.) 
035 |a 21480D9E-87A3-45FB-B765-18226AAC110E 
035 |a urn:nbn:sk:snk-aml30w 
035 |a urn:nbn:sk:snk-am008lep 
040 |a SNK  |b slo  |c SNK  |e AACR2 
041 0 |a slo 
043 |a e-xo--- 
044 |a xo  |c SK 
072 7 |a 821.162.4-3  |x Slovenská próza  |2 konspekt 
080 |a 821.162.4-34  |2 2001 
080 |a (0:82-34)  |2 2001 
080 |a (041)  |2 2001 
100 1 |a Mandalík, Radoslav,  |d 1972  |4 aut  |9 481934 
245 1 0 |a Historické povesti zo Zvolenskej a Šarišskej stolice  |c Radoslav Mandalík 
250 |a [1. vyd.] 
260 |a Michalovce  |b Renoma  |c 2008 
300 |a 39 s.  |b fotogr.  |c 21 cm 
500 |a Biogr. údaje 
504 |a Bibliogr. s. 30 
600 3 7 |a Dúbravica (rod)  |2 SNKMA  |9 648286 
648 7 |a 15. stor.  |2 SNKPH  |9 284276 
651 7 |a Zvolenská stolica (Slovensko)  |2 SNKPH  |9 612442 
651 7 |a Šarišská stolica (Slovensko)  |2 SNKPH  |9 57046 
655 7 |a povesti  |2 SNKPH  |9 70552 
655 7 |a brožúry  |2 SNKPH  |9 70146 
919 |a 978-80-969368-2-3 
958 |a NB 
958 |a LX 
958 |a OND 
968 |d 821 
999 |c 1001643  |d 1003573 
952 |a SNK  |b SNK  |y PREZ  |7 0  |p 17A0614060  |o snkSC 134719  |i snk2009/3899  |8 0  |0 0  |1 0  |4 0  |d 2009-02-26  |f 1  |l 0  |r 2025-07-01 00:00:00  |w 2026-02-24 
952 |a SNK  |b SNK  |y VYP  |7 0  |p 17A0614059  |o snkSC 134719 D1  |i snk2009/3900  |8 0  |0 0  |1 0  |4 0  |d 2009-02-26  |l 0  |r 2026-02-24 12:23:04  |w 2026-02-24